Statistics for NBA Stadiums Quiz

Click here to take the quiz!

General Stats

  • This quiz has been taken 264 times
    (145 since last reset)
  • The average score is 11 of 29

Answer Stats

TeamYearStadium% Correct
Knicks1968Madison Square Garden
91%
Clippers/Lakers1999Staples Center
77%
Celtics1995TD Garden
69%
Heat1999American Airlines Arena
56%
Mavericks2001American Airlines Center
56%
Warriors2019Chase Center
54%
Timberwolves1990Target Center
50%
Bulls1994United Center
49%
Nets2012Barclays Center
48%
76ers1996Wells Fargo Center
39%
Spurs2002AT&T Center
36%
Pelicans1999Smoothie King Center
34%
Grizzlies2004FedExForum
33%
Bucks2018Fiserv Arena
32%
Rockets2003Toyota Center
32%
Trail Blazers1995Moda Center
30%
Nuggets1999Ball Arena
28%
Magic2010Amway Center
26%
Wizards1997Capital One Arena
26%
Cavaliers1994Rocket Mortgage FieldHouse
26%
Raptors1999Scotiabank Center
26%
Hawks1999State Farm Arena
26%
Kings2016Golden 1 Center
24%
Pistons2017Little Caesars Arena
23%
Hornets2005Spectrum Center
18%
Pacers1999Bankers Life FieldHouse
15%
Thunder2002Chesapeake Energy Arena
15%
Suns1992Talking Stick Resort Arena
9%
Jazz1991Vivint Smart Home Arena
9%

Score Distribution

Percentile by Number Answered

Percent of People with Each Score

Your Score History

You have not taken this quiz since the last reset